Statistics for Any Top 4 Cities by Country Quiz

Click here to take the quiz!

General Stats

  • This quiz has been taken 94 times
  • The average score is 25 of 25

Answer Stats

CountryCity% Correct
ThailandBangkok | Samut Prakan | Khon Kaen | Nonthaburi
100%
EgyptCairo | Alexandria | Port Said | Suez
100%
GermanyCologne/Düsseldorf | Berlin | Frankfurt | Hamburg
100%
IndiaDelhi | Mumbai | Kolkata | Bangalore
100%
ChinaGuangzhou | Shanghai | Beijing | Tianjin
100%
TurkeyIstanbul | Ankara | Izmir | Bursa
100%
South AfricaJohannesburg | Cape Town | Durban | Port Elizabeth
100%
United KingdomLondon | Birmingham | Manchester | Leeds
100%
MexicoMexico City | Guadalajara | Monterrey | Puebla
100%
ItalyMilan | Naples | Rome | Turin
100%
RussiaMoscow | St. Petersburg | Nizhny Novgorod | Novosibirsk
100%
United StatesNew York City | Los Angeles | Chicago | Washington, D.C.
100%
FranceParis | Lyon | Marseille | Lille
100%
BrazilSão Paulo | Rio de Janeiro | Belo Horizonte | Porto Alegre
100%
AustraliaSydney | Melbourne | Brisbane | Perth
100%
JapanTokyo | Osaka | Nagoya | Fukuoka
100%
VietnamHo Chi Minh City | Hanoi | Da Nang | Hai Phong
99%
IndonesiaJakarta | Bandung | Surabaya | Medan
99%
NigeriaLagos | Kano | Ibadan | Abuja
99%
PhilippinesManila | Cebu | Davao | Angeles
99%
South KoreaSeoul | Busan | Daegu | Gwangju
99%
PakistanKarachi | Lahore | Faisalabad | Islamabad
97%
IranTehran | Mashhad | Isfahan | Tabriz
96%
BangladeshDhaka | Chittagong | Khulna | Rajshahi
89%
D.R. CongoKinshasa | Lubumbashi | Mbuji-Mayi | Kananga
89%

Score Distribution

Percentile by Number Answered

Percent of People with Each Score

Your Score History

You have not taken this quiz